=LDR 00000nam 2200000 4500 =001 INLIS000000000040089 =005 20210128102330 =035 ##$$a 0010-061300000040089 =008 210128################g##########0#ind## =041 ##$$a ind =082 ##$$a 338.04 =100 1#$$a Sunarya, PO Abas =245 1#$$a kewirausahaan /$c PO Abas Sunarya =260 ##$$a Andi :$b yogyakarta,$c 2011 =300 ##$$a xx. 344 hlm ; $c 23 x 16 cm =850 ##$$a NBPNMAT =020 ##$$a 978-979-29-2491-6 =084 ##$$a 338.04 SUN k =250 ##$$a cet.1 =650 #4$$a Enterprenership =990 ##$$a 21109011 =990 ##$$a 21109010 =990 ##$$a 21109011 =990 ##$$a 21109010 =990 ##$$a 21109010 =990 ##$$a 21109011